[Event "SEMI 10-Fance Echecs 2 email"]
[Site "SEMI email"]
[Date "2001.05.02"]
[Round "?"]
[White "Bianchi, Maurizio"]
[Black "Vieux, Gregory"]
[Result "1-0"]
[WhiteElo "1850"]
[BlackElo "1550"]
[PlyCount "41"]
[EventDate "2001.??.??"]
[EventType "team-swiss (corr)"]
[EventRounds "5"]
[EventCountry "ITA"]
[SourceTitle "Corr 2004"]
[Source "ChessBase"]
[SourceDate "2003.04.28"]
[SourceVersion "3"]
[SourceVersionDate "2003.04.28"]
[SourceQuality "1"]
[WhiteTeam "SEMI-10"]
[BlackTeam "France Echecs-2"]
[WhiteTeamCountry "ITA"]
[BlackTeamCountry "FRA"]

1. e4 Nc6 2. d4 d5 3. Nc3 dxe4 4. d5 Ne5 5. Bf4 Ng6 6. Bg3 a6 7. Bc4 Nf6 8. Qe2 Bf5 9. 0-0-0 Qc8 10. Qe3 b5 11. Bb3 c5 12. dxc6 Qxc6 13. h4 h5 14. Nge2 e5 15. Qg5 Qc8 16. Bxe5 Nxe5 17. Ng3 b4 18. Nd5 Nxd5 19. Bxd5 Nd3+ 20. Kb1 Nxb2 21. Qxf5 1-0